Indian Civil Cases: Vol 53 2009(1) (Record no. 233482)
[ view plain ]
| 000 -LEADER | |
|---|---|
| fixed length control field | 00615nam a22002057a 4500 |
| 005 - DATE AND TIME OF LATEST TRANSACTION | |
| control field | 20250108151059.0 |
| 008 - FIXED-LENGTH DATA ELEMENTS--GENERAL INFORMATION | |
| fixed length control field | 241213b ||||| |||| 00| 0 eng d |
| 040 ## - CATALOGING SOURCE | |
| Transcribing agency | AL |
| 041 ## - LANGUAGE CODE | |
| Language code of text/sound track or separate title | English |
| 082 ## - DEWEY DECIMAL CLASSIFICATION NUMBER | |
| Edition number | 23 |
| Classification number | 348.04 |
| Item number | CHAI |
| 100 ## - MAIN ENTRY--PERSONAL NAME | |
| Personal name | Jagjit Singh Chawla Ed |
| 100 ## - MAIN ENTRY--PERSONAL NAME | |
| 9 (RLIN) | 192694 |
| 100 ## - MAIN ENTRY--PERSONAL NAME | |
| 9 (RLIN) | 190962 |
| Dates associated with a name | Tejinder Pal Singh Chawla Ed |
| 245 ## - TITLE STATEMENT | |
| Title | Indian Civil Cases: Vol 53 2009(1) |
| 260 ## - PUBLICATION, DISTRIBUTION, ETC. | |
| Place of publication, distribution, etc. | Chandigarh |
| Name of publisher, distributor, etc. | ICC Publications |
| Date of publication, distribution, etc. | 2009 |
| 300 ## - PHYSICAL DESCRIPTION | |
| Extent | 848 p. |
| Other physical details | HB |
| Dimensions | 24x15 cm. |
| 365 ## - TRADE PRICE | |
| Price type code | 1061 |
| Price amount | ₹2186.35 |
| Currency code | ₹ |
| Unit of pricing | ₹2995.00 |
| Price note | 27% |
| Price effective from | 28-11-2024 |
| 440 ## - SERIES STATEMENT/ADDED ENTRY--TITLE | |
| Title | Volume 53 |
| 9 (RLIN) | 190876 |
| 650 ## - SUBJECT ADDED ENTRY--TOPICAL TERM | |
| Topical term or geographic name entry element | Civil Laws |
| 9 (RLIN) | 190877 |
| 942 ## - ADDED ENTRY ELEMENTS (KOHA) | |
| Source of classification or shelving scheme | Dewey Decimal Classification |
| Koha item type | Back Issues |
| Withdrawn status | Lost status | Source of classification or shelving scheme | Damaged status | Not for loan | Collection code | Home library | Current library | Date acquired | Source of acquisition | Cost, normal purchase price | Total Checkouts | Full call number | Barcode | Date last seen | Cost, replacement price | Price effective from | Koha item type |
|---|---|---|---|---|---|---|---|---|---|---|---|---|---|---|---|---|---|
| Dewey Decimal Classification | Damaged | Reference Book | Law | St Aloysius Law Library | St Aloysius Law Library | 12/09/2024 | MPP House,Bengaluru | 2186.35 | 348.04 CHAI | LL002205 | 01/04/2025 | 2995.00 | 01/04/2025 | Back Issues |